000 00297nam a22001337a 4500
008 170405b xxu||||| |||| 00| 0 eng d
020 _a9780865713123
041 _aeng
080 _a574
100 _a9
101 _aSHM
245 _aOUR ECOLOGICAL FOOT PRINT
_cWACKERNAGEL.M
942 _2udc
_cBK
999 _c9788
_d9788